000 00795nam a2200229 a 4500
001 000024972
005 20200930023501.0
008 110201s1979 mx r 000 0 spa d
020 _a9682300282
040 _aDO-SdBNP
_bspa
_cBNPHU
041 1 7 _aspa
_hfre
_2Código de idiomas MARC
082 _ann*
_bnn*
100 1 _aLowy, Michael.
_951243
240 1 3 _aLa théorie de la révolution chez le jeune marx.
_lEspañol
245 1 3 _aLa teoría de la revolución en el joven Marx /
_cMichael Lowy.
250 _a6a ed.
260 _aMéxico, D. F. :
_bSiglo Veintiuno,
_c1979.
300 _a313 p. ;
_c20 cm.
534 _aTítulo original :
_tLa théorie de la révolution chez le jeune marx
500 _aIncluye referencias bibliográficas y notas al pie de las páginas.
049 _aBNGR
999 _c24465
_d24465